00702nam a22001937a 450000500170000000800440001705000200006110000330008124500660011425000170018026000380019730000180023544000370025350500290029065000390031965000710035865000390042970000400046820220502120524.0220502b mx ||||| |||| 00| 0 spa d04aAC75b O33 1901 aOcampo, Melchor, e1814-1861 aObras completas. / cMelchor Ocampo; prologo ; Angel Pola,  a1a edición aMéxico ;b F. Vázquez, c1901 aT. ; c16 cm. a Biblioteca reformista.v vol. 2 tT.2 Escritos politicos  aMéxico xPolítica y gobierno.  aMorelia (Michoacán de Ocampo, México) xPolítica y gobierno. aMéxico .xHistoria de la Iglesia aPola, Ángel, d(1861-1948)eprol.